<?xml version="1.0" encoding="UTF-8"?>
<record
    xmlns:xsi="http://www.w3.org/2001/XMLSchema-instance"
    xsi:schemaLocation="http://www.loc.gov/MARC21/slim http://www.loc.gov/standards/marcxml/schema/MARC21slim.xsd"
    xmlns="http://www.loc.gov/MARC21/slim">

  <leader>00371nam a2200097Ia 4500</leader>
  <controlfield tag="008">180225s1990    CNT           000 0 und d</controlfield>
  <datafield tag="245" ind1="1" ind2="0">
    <subfield code="a">Der Orientmaler Gustav Bauernfeind, 1848-1904, Leben und Werk = The Life and Work of Gustav Bauernfeind, Orientalist Painter, 1848-1904</subfield>
  </datafield>
  <datafield tag="264" ind1=" " ind2="0">
    <subfield code="a">Stuttgart : </subfield>
    <subfield code="b">Dr. Ernst Hauswedell</subfield>
    <subfield code="c">1990</subfield>
  </datafield>
  <datafield tag="500" ind1=" " ind2=" ">
    <subfield code="a">-</subfield>
  </datafield>
  <datafield tag="690" ind1=" " ind2=" ">
    <subfield code="a">BAUERNFEIND, GUSTAV</subfield>
  </datafield>
  <datafield tag="999" ind1=" " ind2=" ">
    <subfield code="c">11916</subfield>
    <subfield code="d">11916</subfield>
  </datafield>
</record>
